Регионална библиотека "Любен Каравелов" - Русе

Умеем ли да възприемаме художествен текст (Запис номер 885)

MARC детайли
000 -Лидер
Контролно поле с фиксирана дължина 02235nam a2200397 c 4500
003 - Код на организацията, давaща контролен номер
Контролно поле BLK
005 - Дата и час на последна редакция
Контролно поле 20240731174829.0
008 - Елементи от данни с фиксирана дължина
fixed length control field 180412b bul|||||r ||||||| ||bul||
010 ## - Наследен системен номер
LC control number KNG00001556000
020 ## - Международен стандартен номер на книга ISBN
Международен стандартен номер на книга ISBN 954-18-0011-04
-- издат.: Булвест-2000
040 ## - Източник на каталожния запис
Идентификатор на билиотеката - собственик на записа BLK
041 ## - Код за език
Код за езика на текст/звукозапис или на отделно заглавие Български
Код за езика КДБФ Български
080 ## - УДК
Текстов определител УДК Литература в основното училище. Методика на обучението
УДК код - определител по УДК 373.3.016:821
УДК определител (075.2)
УДК - код + определител 373.3.016:821(075.2)
080 ## - УДК
Текстов определител УДК Българска литература
УДК код - определител по УДК 821.163.2
УДК определител -93-34
УДК - код + определител 821.163.2-93-34
100 1# - Редна дума - Автор
Автор Ангелова, Веселина
Авторска отговорност първи автор
R(LIN) 243222
139 ## - Редно поле
Редна дума Ангелова, Веселина и др.
Авторски знак Ан - А 64
245 10 - Сведения за заглавието
Заглавие Умеем ли да възприемаме художествен текст
Подзаглавни данни Уч. помагало за ученици
Редно поле (дума) Веселина Ангелова; Веселина Ангелова Бобанац; съавт. Елена Блажева; съавт. Тинка Иванова Арнаутска.
Том Ч. 1
Заглавие на том Аз и българската народна приказка
257 ## - Страна на издаване
Страна на създаване/издаване България
260 ## - Област на издателските данни
-- София
Име на издателя, разпространителя и проч. Булвест-2000
Година на издаване 1994
Печатница Пловдив : Полиграфия
300 ## - Физическа характеристика
Размери/Мащаб 20 см
380 ## - Жанр
Жанр Обществени науки
500 ## - Общи забележки
Забележка Пълното име на авт. Веселина Ангелова е Веселина Ангелова Бобанац, а на Елена Блажева - Елена Блажева Маринова.
650 #4 - Допълнително описание по предмет – тема
Основно описание – тема или топоним Литература - учебни помагала
9 (RLIN) 243225
653 ## - Ключова дума – ненормативна
Ключова дума литература
653 ## - Ключова дума – ненормативна
Ключова дума учебни помагала
700 1# - Други автори (авторска отговорност)
Лично име Бобанац, Веселина Ангелова
9 (RLIN) 243223
700 1# - Други автори (авторска отговорност)
Лично име Блажева, Елена
Автороска отговорност (Описва отношението между автора и произведението) съавт.
Друга информация Маринова, Елена Блажева
9 (RLIN) 243224
700 1# - Други автори (авторска отговорност)
Лично име Арнаутска, Тинка Иванова
Автороска отговорност (Описва отношението между автора и произведението) съавт.
9 (RLIN) 33633
760 1# - Описание на основната серия
Редна дума на основното описание Ангелова, Веселина
Място на издаване, издател и година 1994
Страници - том 216 с.
Заглавие Ч. 1 Аз и българската народна приказка
852 ## - Местоположение
Форматна сигнатура Цб 177509
856 4# - Електронен адрес и достъп
Електронен формат pdf - файл
Път до файла /url/
856 4# - Електронен адрес и достъп
Електронен формат pdf - файл
Път до файла /url/
942 ## - АРТИКУЛИ
Вид на библиотечния материал Книги
Скрит в OPAC Не
Koha issues (borrowed), all copies 3
944 ## - СЪЗДАВАНЕ И РЕДАКЦИЯ на ЗАПИСА
Създаване/Редакция Създаване
Дата на регистрацията/редакция 28.03.2003
Служител, извършил регистрацията/редакцията 30575
Статус, дата на статуса Мартин Енчев
944 ## - СЪЗДАВАНЕ И РЕДАКЦИЯ на ЗАПИСА
Създаване/Редакция Редакция
Дата на регистрацията/редакция 08.09.2011
Служител, извършил регистрацията/редакцията
999 ## - СИСТЕМНИ КОНТРОЛНИ НОМЕРА
Koha biblionumber 885
Koha biblioitemnumber 885
Наличности
Код за отписване Код за изгубен артикул Код за повреда Коз за рестрикции Код за отдаване Артикулен № Име на библиотеката - собственик Име на библиотеката, в която се намира в момента Статус (Текущо местоположение) Дата на вписване в системата Местоположение - отдел Цена в лева Инвентарен номер Систематично азбучна сигнатура Баркод Номер на екземпляра Цена в евро Служебна бележка Служебен тип на артикула Източник на класификационната схема
  Не е изгубен Не е повреден без рестрикции ползва се в читалня 1862 Регионална библиотека "Любен Каравелов" Русе Регионална библиотека "Любен Каравелов" Русе Хранилище 1994-01-01 Хранилище 0.00 601628 Цб 177509 601628 1 0.00 Дост: Dp Вид: Д N: стар фонд Дата: 01.01.1994 Книги  
  Не е изгубен Не е повреден без рестрикции заемане за дома 1863 Регионална библиотека "Любен Каравелов" Русе Регионална библиотека "Любен Каравелов" Русе Заемна - подръчен фонд 1994-01-01 Заемна - подръчен фонд 0.56 600337 373.3.016:821/А 64 В 120000600337 2 0.29 Дост: Pk Вид: Ф N: стар фонд Дата: 01.01.1994 Дата инв: 07.02.2018 Бележки инв: П2018 Книги Universal Decimal Classification
  Не е изгубен Не е повреден без рестрикции заемане за дома 1864 Регионална библиотека "Любен Каравелов" Русе Регионална библиотека "Любен Каравелов" Русе Детски отдел 1994-01-01 Детски отдел 0.56 600335 373.3.016:821/А 64 В 120000600335 3 0.29 Дост: Pk Вид: Ф N: стар фонд Дата: 01.01.1994 Дата инв: 21.08.2015 Бележки инв: Д2015 Книги Universal Decimal Classification
Vip Innovations Ltd, Rousse, Bulgaria 2025